[Event "Oz.com qual blitz"]
[Site "ICC INT"]
[Date "2000.03.05"]
[Round "5"]
[White "Mantovani, Renzo"]
[Black "Tyomkin, Dimitri"]
[Result "0-1"]
[WhiteElo "2415"]
[BlackElo "2516"]
[PlyCount "87"]
[GameId "1166642610593792"]
[EventDate "2000.03.05"]
[EventType "swiss (blitz)"]
[EventRounds "9"]
[EventCountry "USA"]
[SourceTitle "EXT 2001"]
[Source "ChessBase"]
[SourceDate "2000.11.22"]
[SourceVersion "1"]
[SourceVersionDate "2000.11.22"]
[SourceQuality "1"]

1. e4 c5 2. Nf3 e6 3. Nc3 a6 4. g3 b5 5. Bg2 Bb7 6. d4 cxd4 7. Nxd4 Nf6 8. Qe2 Nc6 9. Nxc6 Bxc6 10. O-O d6 11. Rd1 Qc7 12. Nd5 Qb7 13. Bg5 Nd7 14. Nb4 e5 15. Nxc6 Qxc6 16. Rac1 Be7 17. Bxe7 Kxe7 18. c4 b4 19. Rd5 Rhd8 20. b3 Kf8 21. Rcd1 Nf6 22. R5d3 a5 23. h4 Qc5 24. g4 Qc6 25. g5 Ne8 26. f4 Ke7 27. Kh1 Nc7 28. f5 Ne8 29. Qh5 h6 30. f6+ gxf6 31. Qxh6 fxg5 32. Qxg5+ f6 33. Qh5 Rd7 34. Bh3 Rc7 35. Bf5 Kd8 36. Bg6 Re7 37. Kh2 Kc7 38. Bxe8 Raxe8 39. Rxd6 Qxe4 40. R6d2 Rg8 41. Rf2 Rh7 42. Qxh7+ Qxh7 43. Kh3 Qh5 44. Rd3 0-1

[Event "Oz.com qual blitz"]
[Site "ICC INT"]
[Date "2000.03.05"]
[Round "9"]
[White "Adla, Diego Gustavo"]
[Black "Tyomkin, Dimitri"]
[Result "1-0"]
[WhiteElo "2492"]
[BlackElo "2516"]
[PlyCount "117"]
[GameId "1166642612174848"]
[EventDate "2000.03.05"]
[EventType "swiss (blitz)"]
[EventRounds "9"]
[EventCountry "USA"]
[SourceTitle "EXT 2001"]
[Source "ChessBase"]
[SourceDate "2000.11.22"]
[SourceVersion "1"]
[SourceVersionDate "2000.11.22"]
[SourceQuality "1"]

1. d4 d5 2. c4 c6 3. cxd5 cxd5 4. Nc3 Nf6 5. Bf4 Nc6 6. e3 a6 7. Bd3 e6 8. Rc1 Bd6 9. Bxd6 Qxd6 10. f4 O-O 11. Nf3 Bd7 12. O-O Rfc8 13. Ne5 b5 14. g4 b4 15. Na4 Ne7 16. Nc5 Bb5 17. g5 Bxd3 18. Qxd3 Ne8 19. Rc2 Nf5 20. Rfc1 Rc7 21. Kf2 f6 22. Nf3 a5 23. h4 Rc6 24. Nb7 Rxc2+ 25. Qxc2 Qa6 26. Qc6 Ned6 27. Nxd6 Nxd6 28. Qxa6 Rxa6 29. Nd2 a4 30. h5 a3 31. b3 Ra7 32. g6 hxg6 33. hxg6 Kf8 34. Rc5 Ke7 35. Ke2 Kd7 36. Kd3 Rc7 37. Rxc7+ Kxc7 38. e4 Nb5 39. exd5 exd5 40. Nf1 Kd6 41. Ne3 Ke6 42. f5+ Kd6 43. Nc2 Nc3 44. Nxb4 Ne4 45. Nc2 Ng3 46. Ne3 Kc6 47. b4 Kb5 48. Nxd5 Nxf5 49. Kc3 Kc6 50. Nf4 Kb5 51. d5 Nd6 52. Ne6 Nf5 53. Nd4+ Nxd4 54. Kxd4 Kb6 55. Kc4 Kc7 56. b5 Kd6 57. b6 Kd7 58. Kc5 Kd8 59. Kd6 1-0

[Event "Dos Hermanas Qualifier"]
[Site "ICC INT"]
[Date "2000.03.18"]
[Round "1.2"]
[White "Hernando Rodrigo, Julio Antonio"]
[Black "Tyomkin, Dimitri"]
[Result "1/2-1/2"]
[WhiteElo "2364"]
[BlackElo "2516"]
[PlyCount "220"]
[GameId "1166642617286656"]
[EventDate "2000.03.18"]
[EventType "k.o."]
[EventRounds "5"]
[EventCountry "USA"]
[SourceTitle "EXT 2001"]
[Source "ChessBase"]
[SourceDate "2000.11.22"]
[SourceVersion "1"]
[SourceVersionDate "2000.11.22"]
[SourceQuality "1"]

1. d4 d5 2. Nf3 c6 3. c4 e6 4. e3 Nf6 5. Nbd2 Nbd7 6. Bd3 Bd6 7. O-O O-O 8. e4 dxe4 9. Nxe4 Nxe4 10. Bxe4 Nf6 11. Bc2 h6 12. b3 b6 13. Bb2 Bb7 14. Qd3 Re8 15. Rfe1 Qc7 16. c5 Be7 17. Ne5 Rad8 18. Nxf7 Kxf7 19. Qg6+ Kf8 20. Rxe6 Bc8 21. Re3 Rd5 22. Rg3 Bd8 23. cxb6 axb6 24. Ba3+ Kg8 25. Rf3 Qf7 26. Rxf6 Qxg6 27. Rxg6 Bf6 28. b4 Bf5 29. Rxf6 gxf6 30. Bb3 Be6 31. Bxd5 Bxd5 32. h3 Ra8 33. Bc1 Ra4 34. a3 Kg7 35. Bb2 b5 36. Re1 Kf7 37. g4 Ra8 38. Bc1 h5 39. Kh2 hxg4 40. hxg4 Re8 41. Be3 Ra8 42. Bc1 Re8 43. Re3 Re4 44. Rxe4 Bxe4 45. Kg3 Bd5 46. Bf4 Kg6 47. Bc7 f5 48. Kf4 fxg4 49. Kxg4 Kf6 50. Kf4 Ke6 51. Kg4 Be4 52. f4 Bf5+ 53. Kg5 Bc2 54. Be5 Bd3 55. Kh6 Kf7 56. Kh5 Be4 57. Kg4 Ke6 58. Kg3 Kf5 59. Kf2 Bd5 60. Ke3 Bc4 61. Kd2 Ke4 62. Kc3 Be6 63. Kd2 Bg4 64. Ke1 Be6 65. Kf2 Bd5 66. Kg3 Kf5 67. Kh3 Be6 68. Kh4 Bf7 69. Kg3 Bd5 70. Kf2 Ke4 71. Ke2 Bc4+ 72. Kd2 Be6 73. Kc2 Bd5 74. Kb2 Be6 75. Ka1 Bd5 76. Kb1 Be6 77. Kc1 Bd5 78. Kd1 Be6 79. Ke1 Bd5 80. Kf1 Be6 81. Kg1 Bc4 82. Kh1 Be6 83. Kh2 Bd5 84. Kg3 Kf5 85. Kh4 Bf7 86. Bc7 Be8 87. Kg3 Bf7 88. Kf3 Bd5+ 89. Ke3 Be6 90. d5 Bxd5 91. Kd4 Bh1 92. Kc5 Bg2 93. Be5 Bh1 94. Kb6 Bg2 95. Ka5 Bh1 96. a4 bxa4 97. Kxa4 Bg2 98. Ka5 Bf1 99. Kb6 Bg2 100. Kc5 Bh1 101. Kd6 Bg2 102. Ke7 Bh1 103. Kf7 Bg2 104. Kg7 Bh1 105. Kh6 Bg2 106. b5 cxb5 107. Kg7 b4 108. Kf7 b3 109. Ke7 b2 110. Bxb2 Kxf4 1/2-1/2

[Event "Dos Hermanas Qualifier"]
[Site "ICC INT"]
[Date "2000.03.18"]
[Round "2.1"]
[White "Zarnicki, Pablo Adrian"]
[Black "Tyomkin, Dimitri"]
[Result "0-1"]
[WhiteElo "2498"]
[BlackElo "2516"]
[PlyCount "118"]
[GameId "1166642617356288"]
[EventDate "2000.03.18"]
[EventType "k.o."]
[EventRounds "5"]
[EventCountry "USA"]
[SourceTitle "EXT 2001"]
[Source "ChessBase"]
[SourceDate "2000.11.22"]
[SourceVersion "1"]
[SourceVersionDate "2000.11.22"]
[SourceQuality "1"]

1. e4 c5 2. Nf3 e6 3. b3 a6 4. Bb2 Nc6 5. d4 cxd4 6. Nxd4 Qc7 7. g3 h5 8. Bg2 h4 9. O-O hxg3 10. hxg3 Bc5 11. Nxc6 Qxg3 12. Be5 Qg5 13. Qd2 Qxd2 14. Nxd2 bxc6 15. Bxg7 Rh7 16. Bb2 d5 17. exd5 cxd5 18. c4 Bb7 19. cxd5 Bxd5 20. Bxd5 exd5 21. Rac1 Bd6 22. Rfe1+ Kd7 23. Nf3 Ne7 24. Ne5+ Bxe5 25. Bxe5 Rg8+ 26. Bg3 Nc6 27. Rc5 Rh5 28. Rd1 Rgg5 29. Rdc1 Rg6 30. Rd1 Rgg5 31. b4 d4 32. Rc4 a5 33. Rdc1 Rg6 34. bxa5 Rxa5 35. a4 d3 36. Rd1 Rd5 37. Kf1 Rh6 38. Kg2 Re6 39. Rc3 Nb4 40. Rb3 Re4 41. Kf3 f5 42. Rc3 Ke6 43. Rh1 d2 44. Rh6+ Kf7 45. Rc7+ Re7 46. Rh7+ Kg6 47. Rcxe7 d1=Q+ 48. Kg2 Qd4 49. Kh2 f4 50. Bh4 Rh5 51. Rxh5 Kxh5 52. Rh7+ Kg6 53. Rb7 Nd3 54. Rb5 Qxa4 55. Rg5+ Kh6 56. Rd5 Qe4 57. Rd6+ Kh5 58. Bd8 Ne1 59. Bc7 Qg2# 0-1

[Event "Dos Hermanas Qualifier"]
[Site "ICC INT"]
[Date "2000.03.18"]
[Round "2.2"]
[White "Tyomkin, Dimitri"]
[Black "Zarnicki, Pablo Adrian"]
[Result "1-0"]
[WhiteElo "2516"]
[BlackElo "2498"]
[PlyCount "91"]
[GameId "1166642617389056"]
[EventDate "2000.03.18"]
[EventType "k.o."]
[EventRounds "5"]
[EventCountry "USA"]
[SourceTitle "EXT 2001"]
[Source "ChessBase"]
[SourceDate "2000.11.22"]
[SourceVersion "1"]
[SourceVersionDate "2000.11.22"]
[SourceQuality "1"]

1. d4 Nf6 2. Nf3 g6 3. Bg5 Bg7 4. Nbd2 O-O 5. c3 d5 6. e3 b6 7. Be2 Bb7 8. O-O c5 9. a4 Nc6 10. Qb1 Re8 11. b4 c4 12. a5 b5 13. Re1 a6 14. Bd1 h6 15. Bh4 Ne4 16. Nxe4 dxe4 17. Qxe4 Nxa5 18. Qb1 Nc6 19. e4 g5 20. Bg3 e5 21. d5 Na7 22. h4 Nc8 23. hxg5 hxg5 24. Qc1 Bf6 25. Nh2 Nd6 26. Ng4 Bc8 27. Qe3 Kg7 28. Ra2 Bxg4 29. Bxg4 a5 30. bxa5 Rxa5 31. Rea1 Rxa2 32. Rxa2 Qb8 33. Bd7 Rd8 34. Bc6 b4 35. Ra8 b3 36. Rxb8 Rxb8 37. Bxe5 Bxe5 38. Qxg5+ Kh7 39. Qh5+ Kg8 40. Qxe5 b2 41. Qg3+ Kh7 42. Qh3+ Kg6 43. Qg3+ Kh7 44. Qh3+ Kg7 45. Qg3+ Kh6 46. Qxd6+ 1-0

[Event "Dos Hermanas Qualifier"]
[Site "ICC INT"]
[Date "2000.03.19"]
[Round "3.1"]
[White "Tyomkin, Dimitri"]
[Black "Socko, Bartosz"]
[Result "1-0"]
[WhiteElo "2516"]
[BlackElo "2556"]
[PlyCount "155"]
[GameId "1166642617409536"]
[EventDate "2000.03.18"]
[EventType "k.o."]
[EventRounds "5"]
[EventCountry "USA"]
[SourceTitle "EXT 2001"]
[Source "ChessBase"]
[SourceDate "2000.11.22"]
[SourceVersion "1"]
[SourceVersionDate "2000.11.22"]
[SourceQuality "1"]

1. d4 Nf6 2. Nf3 g6 3. Bg5 Bg7 4. Nbd2 d5 5. e3 O-O 6. Be2 b6 7. O-O c5 8. c3 Nc6 9. h3 Bb7 10. a3 a5 11. a4 Ba6 12. Bxa6 Rxa6 13. Qe2 Qc8 14. Rfd1 Ra8 15. Rab1 e6 16. dxc5 bxc5 17. e4 Re8 18. Qe3 Nd7 19. Bh6 d4 20. Qf4 e5 21. Qh4 f6 22. Bxg7 Kxg7 23. Nc4 Qc7 24. Rbc1 Rac8 25. Na3 Qb8 26. Nb5 Na7 27. Qg4 Rcd8 28. c4 Nf8 29. Ne1 Ne6 30. Nd3 Nc6 31. b3 Qb6 32. h4 h5 33. Qe2 Nb4 34. g3 Nxd3 35. Rxd3 Qc6 36. Re1 Qd7 37. Qf3 Nf8 38. Nc3 Qg4 39. Nd5 Qxf3 40. Rxf3 Nd7 41. Rd3 Rb8 42. Kf1 Rb7 43. Ke2 f5 44. Kd1 Nf6 45. Nxf6 Kxf6 46. Kc2 Ke6 47. Rd2 Kd6 48. Rd3 Rf7 49. Rf3 Ref8 50. exf5 gxf5 51. Rd3 e4 52. Rd2 Rb7 53. f3 e3 54. Rxe3 Rfb8 55. Rdd3 Rg8 56. f4 Rbg7 57. Re5 Rxg3 58. Rd5+ Kc6 59. Rxf5 Rg2+ 60. Rd2 Rxd2+ 61. Kxd2 Rg2+ 62. Kd3 Rg3+ 63. Kc2 Rg2+ 64. Kd3 Rg3+ 65. Kc2 Rg2+ 66. Kd1 Rg3 67. Rxh5 Rxb3 68. Rh6+ Kd7 69. Ra6 Rc3 70. h5 Rxc4 71. h6 Rc3 72. h7 Rh3 73. Ra8 Rh1+ 74. Kd2 Rh2+ 75. Kd3 Rh3+ 76. Kc4 Kc6 77. Rc8+ Kb6 78. h8=Q 1-0

[Event "Dos Hermanas Qualifier"]
[Site "ICC INT"]
[Date "2000.03.19"]
[Round "5.2"]
[White "Gonzalez Rodriguez, Jorge Armando"]
[Black "Tyomkin, Dimitri"]
[Result "0-1"]
[WhiteElo "2312"]
[BlackElo "2516"]
[PlyCount "104"]
[GameId "1166642617458688"]
[EventDate "2000.03.18"]
[EventType "k.o."]
[EventRounds "5"]
[EventCountry "USA"]
[SourceTitle "EXT 2001"]
[Source "ChessBase"]
[SourceDate "2000.11.22"]
[SourceVersion "1"]
[SourceVersionDate "2000.11.22"]
[SourceQuality "1"]

1. b3 d5 2. e3 Nf6 3. Bb2 g6 4. Nf3 Bg7 5. Be2 O-O 6. O-O c5 7. c4 d4 8. exd4 Nh5 9. g3 cxd4 10. d3 Nc6 11. Re1 e5 12. Nbd2 f5 13. Bf1 Re8 14. a3 a5 15. Bg2 Kh8 16. h4 Be6 17. Ng5 Bg8 18. Qc2 Rc8 19. Bf3 Nf6 20. b4 h6 21. b5 hxg5 22. bxc6 bxc6 23. hxg5 Nh7 24. Kg2 Be6 25. Qa4 Bd7 26. Rh1 Kg8 27. c5 Nxg5 28. Rae1 Be6 29. Bd1 Rb8 30. Bc1 Bd5+ 31. f3 Ne6 32. Qc2 Rb5 33. Nc4 Rxc5 34. Be2 e4 35. a4 Bxc4 36. dxc4 d3 37. Qa2 dxe2 38. fxe4 Qd3 39. Rxe2 Nd4 40. Re3 Qc2+ 41. Qxc2 Nxc2 42. Rd3 fxe4 43. Rd6 e3 44. Rxg6 e2 45. Bh6 Re7 46. Bxg7 Rxg7 47. Re6 e1=Q 48. Rhxe1 Nxe1+ 49. Rxe1 Rxc4 50. Kf3 Rxa4 51. Re8+ Kh7 52. Re6 Ra3+ 0-1

[Event "Cherniak Memorial"]
[Site "Ramat Aviv"]
[Date "2000.04.24"]
[Round "4"]
[White "Tyomkin, Dimitri"]
[Black "Tsesarsky, Ilya"]
[Result "1-0"]
[WhiteElo "2516"]
[BlackElo "2458"]
[PlyCount "107"]
[GameId "1165542830772224"]
[EventDate "2000.04.??"]
[EventType "tourn"]
[EventRounds "5"]
[EventCountry "ISR"]
[SourceTitle "CBM 076"]
[Source "ChessBase"]
[SourceDate "2000.05.31"]
[SourceVersion "1"]
[SourceVersionDate "2000.05.31"]
[SourceQuality "1"]

1. d4 Nf6 2. Bg5 e6 3. e4 h6 4. Bxf6 Qxf6 5. Nc3 d6 6. Qd2 g5 7. h4 Bg7 8. hxg5 hxg5 9. Rxh8+ Bxh8 10. O-O-O Nc6 11. Nf3 Qf4 12. Qxf4 gxf4 13. Bb5 Bd7 14. Ne2 e5 15. Rh1 O-O-O 16. d5 Ne7 17. Bxd7+ Kxd7 18. Ng5 Bf6 19. Nxf7 Rg8 20. Rh6 Ng6 21. Rh7 Nf8 22. Rh2 Rg6 23. Ng1 Ke8 24. Nh6 Bg5 25. Nf5 f3+ 26. Kd1 fxg2 27. Rxg2 Bf4 28. Ng7+ Kf7 29. Rxg6 Kxg6 30. Ne8 Kf7 31. Nxc7 a6 32. Ne2 Bg5 33. Ne6 Nxe6 34. dxe6+ Kxe6 35. Nc3 Kd7 36. Ke2 Bd8 37. Nd5 Kc6 38. Kd3 Bh4 39. f3 Bg5 40. Kc4 b5+ 41. Kb4 Bd8 42. a4 a5+ 43. Kb3 Kc5 44. axb5 Kxb5 45. Nc3+ Kc5 46. Ka4 Kc4 47. Nd5 Kc5 48. b3 Kc6 49. Ne3 Bc7 50. Nc4 d5 51. exd5+ Kxd5 52. Nxa5 Ke6 53. Nc4 Bb8 54. Kb5 1-0

[Event "Dov Porath Memorial"]
[Site "Givataim"]
[Date "2000.09.??"]
[Round "3"]
[White "Botvinnik, Mikhail I"]
[Black "Tyomkin, Dimitri"]
[Result "0-1"]
[WhiteElo "2271"]
[BlackElo "2522"]
[PlyCount "48"]
[GameId "1166642948096000"]
[EventDate "2000.09.??"]
[EventType "swiss"]
[EventRounds "7"]
[EventCountry "ISR"]
[SourceTitle "EXT 2006"]
[Source "ChessBase"]
[SourceDate "2005.11.24"]
[SourceVersion "1"]
[SourceVersionDate "2005.11.24"]
[SourceQuality "1"]

1. d4 f5 2. g3 Nf6 3. Bg2 e6 4. c4 d5 5. Nh3 c6 6. O-O Bd6 7. Qc2 O-O 8. Nd2 Qe7 9. Nf3 Ne4 10. Bf4 b6 11. Bxd6 Qxd6 12. Nf4 Bb7 13. Ne5 Nd7 14. Nxd7 Qxd7 15. Nd3 dxc4 16. Nf4 Nd6 17. b3 g5 18. Nh3 cxb3 19. Qxb3 h6 20. a4 Rac8 21. a5 b5 22. a6 Ba8 23. Qa3 Nc4 24. Qc5 Nd2 0-1

[Event "Dov Porath Memorial"]
[Site "Givataim"]
[Date "2000.09.??"]
[Round "5"]
[White "Tyomkin, Dimitri"]
[Black "Tseitlin, Mark D"]
[Result "1-0"]
[WhiteElo "2522"]
[BlackElo "2445"]
[PlyCount "103"]
[GameId "1166642948222976"]
[EventDate "2000.09.??"]
[EventType "swiss"]
[EventRounds "7"]
[EventCountry "ISR"]
[SourceTitle "EXT 2006"]
[Source "ChessBase"]
[SourceDate "2005.11.24"]
[SourceVersion "1"]
[SourceVersionDate "2005.11.24"]
[SourceQuality "1"]

1. d4 Nf6 2. c4 g6 3. Nc3 d5 4. cxd5 Nxd5 5. e4 Nxc3 6. bxc3 Bg7 7. Bb5+ c6 8. Ba4 O-O 9. Ne2 c5 10. d5 e6 11. Be3 Qa5 12. Bb3 exd5 13. exd5 Bxc3+ 14. Nxc3 Qxc3+ 15. Kf1 Bg4 16. Qc1 Qxc1+ 17. Rxc1 b6 18. h4 Nd7 19. h5 Rfe8 20. hxg6 hxg6 21. Ba4 Kg7 22. Bh6+ Kf6 23. Bc6 Rad8 24. Bd2 Kg7 25. Bh6+ Kg8 26. f3 Bf5 27. Kf2 Ne5 28. Bxe8 Nd3+ 29. Kg3 Rxe8 30. Bg5 Kg7 31. Rc4 f6 32. Bf4 b5 33. Rc3 g5 34. Bd6 c4 35. Ra3 Ra8 36. Ra6 c3 37. Be7 Kf7 38. Bxf6 c2 39. Bxg5 Rg8 40. Rxa7+ Kg6 41. f4 Bg4 42. Kxg4 Nf2+ 43. Kf3 Nxh1 44. Rc7 Ra8 45. Rc6+ Kf7 46. Rxc2 Ra3+ 47. Kg4 Rd3 48. Rc7+ Ke8 49. Kf5 Ng3+ 50. Kg6 Rxd5 51. Re7+ Kf8 52. Re6 1-0

[Event "Elbow Beach Club GM-B"]
[Site "Paget Parish"]
[Date "2001.01.19"]
[Round "1"]
[White "Kalod, Radek"]
[Black "Tyomkin, Dimitri"]
[Result "1/2-1/2"]
[WhiteElo "2490"]
[BlackElo "2496"]
[PlyCount "68"]
[GameId "1166643383586816"]
[EventDate "2001.01.19"]
[EventType "tourn"]
[EventRounds "11"]
[EventCountry "BER"]
[EventCategory "9"]
[SourceTitle "CBM 081"]
[Source "ChessBase"]
[SourceDate "2001.03.20"]
[SourceVersion "1"]
[SourceVersionDate "2001.03.20"]
[SourceQuality "1"]

1. e4 c5 2. Nf3 d6 3. Bc4 Nf6 4. d3 Nc6 5. c3 e6 6. Bb3 Be7 7. O-O O-O 8. Re1 b6 9. d4 Bb7 10. Bg5 h6 11. Bxf6 Bxf6 12. d5 exd5 13. Bxd5 b5 14. Nbd2 Qb6 15. Nf1 Rad8 16. Ne3 g6 17. a4 a6 18. axb5 axb5 19. Qb3 Ne7 20. Red1 Nxd5 21. Nxd5 Bxd5 22. Qxd5 b4 23. Qd2 bxc3 24. bxc3 Kg7 25. h3 Rde8 26. Qc2 Re6 27. Rd5 Rfe8 28. Re1 Qa5 29. Re3 Qa1+ 30. Kh2 Qf1 31. Rd1 Qa6 32. Rd5 Qf1 33. Rd1 Qa6 34. Rd5 Qf1 1/2-1/2

[Event "Elbow Beach Club GM-B"]
[Site "Paget Parish"]
[Date "2001.01.20"]
[Round "2"]
[White "Tyomkin, Dimitri"]
[Black "Vuckovic, Bojan"]
[Result "1/2-1/2"]
[WhiteElo "2496"]
[BlackElo "2458"]
[PlyCount "135"]
[GameId "1166643383611392"]
[EventDate "2001.01.19"]
[EventType "tourn"]
[EventRounds "11"]
[EventCountry "BER"]
[EventCategory "9"]
[SourceTitle "CBM 081"]
[Source "ChessBase"]
[SourceDate "2001.03.20"]
[SourceVersion "1"]
[SourceVersionDate "2001.03.20"]
[SourceQuality "1"]

1. d4 Nf6 2. Nf3 c5 3. d5 g6 4. Nc3 Bg7 5. e4 d6 6. Bb5+ Nbd7 7. a4 O-O 8. O-O a6 9. Be2 Rb8 10. Re1 Ne8 11. Nd2 Nc7 12. Nc4 Nf6 13. Nb6 Nb5 14. axb5 Qxb6 15. bxa6 bxa6 16. Ra2 Ne8 17. Bg5 Qd8 18. Qd2 Nc7 19. Bh6 Rb4 20. Bxg7 Kxg7 21. Bf1 Bb7 22. b3 e5 23. Bc4 Bc8 24. Nd1 f5 25. Nb2 fxe4 26. Rxe4 Bf5 27. Re1 Qh4 28. c3 Rbb8 29. Nd1 Bd7 30. Ne3 Bb5 31. Bxb5 Rxb5 32. Ra3 Rfb8 33. Qc2 c4 34. bxc4 Rb2 35. Qf5 Rf8 36. g3 gxf5 37. gxh4 Kf6 38. c5 dxc5 39. Nc4 Rc2 40. Nxe5 Rg8+ 41. Kf1 Nxd5 42. Rxa6+ Kg7 43. Rd1 Nf6 44. Ra7+ Kh8 45. Nf7+ Kg7 46. Ne5+ Kh8 47. Nf7+ Kg7 48. Ng5+ Kg6 49. Rd6 Rc1+ 50. Ke2 Re8+ 51. Kf3 Rxc3+ 52. Kg2 Rg8 53. Rf7 Kh5 54. Rfxf6 Kxh4 55. f4 Kg4 56. Rd5 Rc2+ 57. Kf1 Ra8 58. h3+ Kg3 59. Rfd6 Raa2 60. Rd3+ Kxf4 61. Ne6+ Ke4 62. Ng5+ Kf4 63. Ne6+ Ke4 64. Ke1 Ra1+ 65. Rd1 Raa2 66. R1d3 Ra1+ 67. Rd1 Raa2 68. R1d3 1/2-1/2

[Event "Elbow Beach Club GM-B"]
[Site "Paget Parish"]
[Date "2001.01.23"]
[Round "5"]
[White "Fierro Baquero, Martha Lorena"]
[Black "Tyomkin, Dimitri"]
[Result "1-0"]
[WhiteElo "2287"]
[BlackElo "2496"]
[PlyCount "102"]
[GameId "1166643383660544"]
[EventDate "2001.01.19"]
[EventType "tourn"]
[EventRounds "11"]
[EventCountry "BER"]
[EventCategory "9"]
[SourceTitle "CBM 081"]
[Source "ChessBase"]
[SourceDate "2001.03.20"]
[SourceVersion "1"]
[SourceVersionDate "2001.03.20"]
[SourceQuality "1"]

1. d4 Nf6 2. Nf3 g6 3. Bf4 Bg7 4. Nc3 d5 5. e3 O-O 6. h3 b6 7. Bd3 Bb7 8. O-O c5 9. Re1 Ne4 10. Be5 f6 11. Bh2 Kh8 12. Nb5 Na6 13. c4 Qd7 14. cxd5 Bxd5 15. Nc3 Nxc3 16. bxc3 c4 17. e4 Bf7 18. Bc2 Rac8 19. a4 Rfd8 20. Qc1 Nc7 21. Qe3 Qe8 22. Bf4 Qf8 23. Qc1 Re8 24. d5 e5 25. Be3 f5 26. Ng5 Bg8 27. exf5 gxf5 28. d6 Qxd6 29. Bxf5 Ne6 30. Qc2 Nxg5 31. Bxg5 Rc7 32. Rad1 Qf8 33. Re3 Bf6 34. h4 Qe7 35. Rg3 Rd8 36. Re1 Rc5 37. Qe2 Rf8 38. Bh6 Rf7 39. Qg4 Rg7 40. Bxg7+ Bxg7 41. h5 Qf6 42. Rd1 Rd5 43. Rxd5 Bxd5 44. Bc2 Bg8 45. Qd7 Qf7 46. Qc8 Bh6 47. Bf5 Qd5 48. Rg4 Qf7 49. Qd8 Bg7 50. Bd7 Bf6 51. Rxg8+ Qxg8 1-0

[Event "Elbow Beach Club GM-B"]
[Site "Paget Parish"]
[Date "2001.01.28"]
[Round "9"]
[White "Thorhallsson, Throstur"]
[Black "Tyomkin, Dimitri"]
[Result "1/2-1/2"]
[WhiteElo "2462"]
[BlackElo "2496"]
[PlyCount "60"]
[GameId "1165542853664768"]
[EventDate "2001.01.19"]
[EventType "tourn"]
[EventRounds "11"]
[EventCountry "BER"]
[EventCategory "9"]
[SourceTitle "CBM 081"]
[Source "ChessBase"]
[SourceDate "2001.03.20"]
[SourceVersion "1"]
[SourceVersionDate "2001.03.20"]
[SourceQuality "1"]

1. e4 c5 2. Nf3 d6 3. d4 cxd4 4. Nxd4 Nf6 5. Nc3 Nc6 6. Bc4 Qb6 7. Nxc6 bxc6 8. Qe2 g6 9. O-O Ng4 10. Bb3 Bg7 11. Na4 Qa6 12. c4 Rb8 13. Bd2 Ne5 14. Bc3 O-O 15. f4 Nd7 16. Bxg7 Kxg7 17. Kh1 Rb4 18. Qc2 Kg8 19. a3 Rb8 20. Ba2 Nb6 21. Nxb6 Qxb6 22. b4 a5 23. Rab1 axb4 24. axb4 Qd4 25. Rbd1 Qg7 26. Qd2 c5 27. b5 Bb7 28. Bb1 Ra8 29. Qe2 Rfd8 30. Rd2 Qc3 1/2-1/2

[Event "Elbow Beach Club GM-B"]
[Site "Paget Parish"]
[Date "2001.01.30"]
[Round "11"]
[White "Tyomkin, Dimitri"]
[Black "Doettling, Fabian"]
[Result "1/2-1/2"]
[WhiteElo "2496"]
[BlackElo "2509"]
[PlyCount "25"]
[GameId "1166643383758848"]
[EventDate "2001.01.19"]
[EventType "tourn"]
[EventRounds "11"]
[EventCountry "BER"]
[EventCategory "9"]
[SourceTitle "CBM 081"]
[Source "ChessBase"]
[SourceDate "2001.03.20"]
[SourceVersion "1"]
[SourceVersionDate "2001.03.20"]
[SourceQuality "1"]

1. d4 d5 2. c4 e6 3. Nf3 Nf6 4. Nc3 Be7 5. Bg5 O-O 6. cxd5 exd5 7. e3 Nbd7 8. Qc2 c6 9. Bd3 Re8 10. h3 Nf8 11. Bf5 Be6 12. O-O-O Rc8 13. Kb1 1/2-1/2

[Event "Bermuda op"]
[Site "Paget Parish"]
[Date "2001.02.04"]
[Round "5"]
[White "Shahade, Gregory P"]
[Black "Tyomkin, Dimitri"]
[Result "1-0"]
[WhiteElo "2465"]
[BlackElo "2500"]
[PlyCount "105"]
[GameId "1165542853931008"]
[EventDate "2001.02.??"]
[EventType "swiss"]
[EventRounds "5"]
[EventCountry "BER"]
[SourceTitle "CBM 081"]
[Source "ChessBase"]
[SourceDate "2001.03.20"]
[SourceVersion "1"]
[SourceVersionDate "2001.03.20"]
[SourceQuality "1"]

1. e4 c5 2. Nf3 d6 3. d4 cxd4 4. Nxd4 Nf6 5. Nc3 Nc6 6. Bg5 e6 7. Qd2 a6 8. O-O-O h6 9. Be3 Be7 10. f3 Nxd4 11. Bxd4 b5 12. Kb1 Rb8 13. Ba7 Rb7 14. Be3 b4 15. Ne2 e5 16. Nc1 Be6 17. Bxa6 Rb8 18. Qe2 Qc7 19. Bb5+ Kf8 20. Ba4 Kg8 21. Bb3 Bxb3 22. cxb3 Qb7 23. Qd3 Kh7 24. Ne2 Rhd8 25. Bf2 d5 26. exd5+ g6 27. Qe3 Nxd5 28. Qxe5 Bf6 29. Qg3 Ra8 30. Nc1 Bg5 31. f4 Nxf4 32. Qf3 Qb5 33. g3 Qf5+ 34. Ka1 Qc2 35. Bd4 Qg2 36. Qxg2 Nxg2 37. Bc5 Rdc8 38. Nd3 Rab8 39. h4 Be3 40. Bxb4 Bd4 41. Rc1 Rd8 42. Bc3 Ne3 43. Ne5 Bxe5 44. Bxe5 Rb5 45. Bc3 h5 46. Rhe1 Nf5 47. Rcd1 Rxd1+ 48. Rxd1 g5 49. b4 Nxg3 50. a4 Rb7 51. hxg5 h4 52. Rd6 Nf5 53. Rf6 1-0

[Event "Oakham GM"]
[Site "Oakham"]
[Date "2001.03.30"]
[Round "2"]
[White "Tyomkin, Dimitri"]
[Black "McDonald, Neil R"]
[Result "0-1"]
[WhiteElo "2500"]
[BlackElo "2400"]
[PlyCount "70"]
[GameId "1165542857179136"]
[EventDate "2001.03.29"]
[EventType "tourn"]
[EventRounds "9"]
[EventCountry "ENG"]
[EventCategory "7"]
[SourceTitle "CBM 083"]
[Source "ChessBase"]
[SourceDate "2001.07.05"]
[SourceVersion "1"]
[SourceVersionDate "2001.07.05"]
[SourceQuality "1"]

1. d4 f5 2. g3 Nf6 3. Bg2 g6 4. Nh3 Bg7 5. c3 Na6 6. Nd2 c5 7. d5 d6 8. Nf4 Nc7 9. h4 O-O 10. e4 fxe4 11. Nxe4 Bf5 12. Nxf6+ Bxf6 13. a4 Qd7 14. O-O Be5 15. Be3 Bxf4 16. Bxf4 Bh3 17. c4 Bxg2 18. Kxg2 Rxf4 19. gxf4 Rf8 20. Ra3 Rxf4 21. h5 Qf5 22. Rg3 Rxc4 23. hxg6 hxg6 24. b3 Rd4 25. Qf3 Qxf3+ 26. Kxf3 Kf7 27. Rfg1 Rb4 28. Rd1 Rxb3+ 29. Kf4 Rb4+ 30. Kg5 Rxa4 31. Rf3+ Ke8 32. Kxg6 b5 33. Kf5 a5 34. Rh3 Kd7 35. Rh8 Nxd5 0-1

[Event "Oakham GM"]
[Site "Oakham"]
[Date "2001.04.01"]
[Round "4"]
[White "Tyomkin, Dimitri"]
[Black "Bluvshtein, Mark"]
[Result "0-1"]
[WhiteElo "2496"]
[BlackElo "2287"]
[PlyCount "97"]
[GameId "1166643459805184"]
[EventDate "2001.03.29"]
[EventType "tourn"]
[EventRounds "9"]
[EventCountry "ENG"]
[EventCategory "7"]
[SourceTitle "CBM 082 Extra"]
[Source "ChessBase"]
[SourceDate "2001.07.03"]
[SourceVersion "1"]
[SourceVersionDate "2001.07.03"]
[SourceQuality "1"]

1. d4 e6 2. c4 Nf6 3. Nf3 Bb4+ 4. Nbd2 b6 5. a3 Bxd2+ 6. Qxd2 Bb7 7. g3 d5 8. c5 a5 9. b3 Qe7 10. Qc2 Ne4 11. Nd2 f5 12. Nxe4 fxe4 13. Bg2 O-O 14. O-O a4 15. b4 Nc6 16. Bb2 Qf6 17. Rad1 Ba6 18. f3 Qh6 19. Bc1 Qg6 20. fxe4 Rxf1+ 21. Bxf1 Bc4 22. Rd2 Rf8 23. Bg2 Qg5 24. Qc3 Qf6 25. Qe3 dxe4 26. Bb2 Bd5 27. Bc3 Ne7 28. Rd1 Nf5 29. Qf4 g5 30. Qf2 Qh6 31. Rf1 e3 32. Qe1 Ne7 33. b5 g4 34. Rxf8+ Qxf8 35. cxb6 Bxg2 36. Kxg2 cxb6 37. Bb4 Qa8+ 38. Kg1 Nd5 39. Bd6 Qd8 40. Be5 Qf8 41. Kg2 Qxa3 42. h3 Qf8 43. hxg4 a3 44. Qa1 Qa8 45. Kh3 a2 46. g5 Qa3 47. g6 hxg6 48. Kg4 Qf8 49. Bg7 0-1